Momentología y las rosas / (Record no. 1152)

MARC details
000 -LEADER
campo de control de longitud fija 00593nam a22001817a 4500
008 - DATOS DE LONGITUD FIJA--INFORMACIÓN GENERAL
campo de control de longitud fija 170318s2009 gt||||| |||| 00| 0 spa d
082 04 - NÚMERO DE LA CLASIFICACIÓN DECIMAL DEWEY
Número de clasificación 861
Número de ítem U33v
110 1# - ENTRADA PRINCIPAL--NOMBRE DE ENTIDAD CORPORATIVA
Nombre de entidad corporativa o nombre de jurisdicción como elemento de entrada uip.
9 (RLIN) 5632
245 10 - MENCIÓN DEL TÍTULO
Título Momentología y las rosas /
Mención de responsabilidad, etc. uip ; edición por Simón Pedroza; ilustraciones por Luis Pedro Hurtarte.
250 ## - MENCION DE EDICION
Mención de edición 1a ed.
260 ## - PUBLICACIÓN, DISTRIBUCIÓN, ETC.
Lugar de publicación, distribución, etc. Guatemala :
Nombre del editor, distribuidor, etc. uip ; S.o.P.a,
Fecha de publicación, distribución, etc. 2009.
300 ## - DESCRIPCIÓN FÍSICA
Extensión 28 p.
Otras características físicas il.
653 10 - TÉRMINO DE INDIZACIÓN--NO CONTROLADO
Término no controlado Literatura
653 10 - TÉRMINO DE INDIZACIÓN--NO CONTROLADO
Término no controlado Literatura Latinoamericana
653 10 - TÉRMINO DE INDIZACIÓN--NO CONTROLADO
Término no controlado Poesía - Guatemala
700 1# - ENTRADA AGREGADA--NOMBRE PERSONAL
Nombre de persona Pedroza, Simón.
Término indicativo de función/relación editor.
9 (RLIN) 5556
700 1# - ENTRADA AGREGADA--NOMBRE PERSONAL
Nombre de persona Hurtarte, Luis Pedro.
Término indicativo de función/relación ilustrador.
9 (RLIN) 5750
Holdings
Estatus retirado Estado de pérdida Fuente del sistema de clasificación o colocación Estado de daño No para préstamo Biblioteca de origen Biblioteca actual Ubicación en estantería Fecha de adquisición Total de préstamos Signatura topográfica completa Código de barras Visto por última vez Precio de reemplazo Tipo de ítem Koha
    Clasificación Decimal Dewey     Biblioteca LadoV Biblioteca LadoV   18/03/2017   861 U33v 004283 18/03/2017 18/03/2017 Material 01